Inorganic chemistry / (Record no. 14993)

MARC details
000 -LEADER
fixed length control field 01220cam a2200337 i 4500
001 - CONTROL NUMBER
control field 16045562
003 - CONTROL NUMBER IDENTIFIER
control field EG-ScBUE
005 - DATE AND TIME OF LATEST TRANSACTION
control field 20250806095742.0
008 - FIXED-LENGTH DATA ELEMENTS--GENERAL INFORMATION
fixed length control field 100108t2011 njua f b 001 0 eng
020 ## - INTERNATIONAL STANDARD BOOK NUMBER
International Standard Book Number 0136153836 (pbk.)
020 ## - INTERNATIONAL STANDARD BOOK NUMBER
International Standard Book Number 9780136153832
035 ## - SYSTEM CONTROL NUMBER
System control number (OCoLC)ocn496727536
040 ## - CATALOGING SOURCE
Original cataloging agency EG-ScBUE
Language of cataloging eng
Description conventions rda
Transcribing agency EG-ScBUE
Modifying agency EG-ScBUE
082 04 - DEWEY DECIMAL CLASSIFICATION NUMBER
Classification number 546
Edition number 22
Item number MIE
100 1# - MAIN ENTRY--PERSONAL NAME
Personal name Miessler, Gary L.,
Dates associated with a name 1949-
9 (RLIN) 22505
Relator term author.
245 10 - TITLE STATEMENT
Title Inorganic chemistry /
Statement of responsibility, etc Gary L. Miessler, St. Olaf College Northfield, Minnesota, Donald A. Tarr, St. Olaf College Northfield, Minnesota.
250 ## - EDITION STATEMENT
Edition statement Fourth edition.
250 ## - EDITION STATEMENT
Edition statement International edition.
264 #1 - PUBLICATION, DISTRIBUTION, ETC. (IMPRINT)
Place of publication, distribution, etc Upper Saddle River, New Jersey :
Name of publisher, distributor, etc Pearson/Prentice Hall,
Date of publication, distribution, etc [2011]
264 #4 - PUBLICATION, DISTRIBUTION, ETC. (IMPRINT)
Date of publication, distribution, etc c2011
300 ## - PHYSICAL DESCRIPTION
Extent xiv, 754 pages ;
Other physical details illustrations ;
Dimensions 26 cm
336 ## - CONTENT TYPE
Source rdacontent
Content type term text
Content type code txt
337 ## - MEDIA TYPE
Media type term unmediated
Source rdamedia
Media type code n
338 ## - CARRIER TYPE
Carrier type term volume
Carrier type code nc
Source rdacarrier
500 ## - GENERAL NOTE
General note Includes Appendices.<br/>
504 ## - BIBLIOGRAPHY, ETC. NOTE
Bibliography, etc Includes bibliographical references and index.
650 #7 - SUBJECT ADDED ENTRY--TOPICAL TERM
Topical term or geographic name as entry element Chemistry, Inorganic
Form subdivision Textbooks.
9 (RLIN) 22506
Source of heading or term BUEsh
655 ## - INDEX TERM--GENRE/FORM
Form subdivision Reading book
700 1# - ADDED ENTRY--PERSONAL NAME
Personal name Tarr, Donald A.
Fuller form of name (Donald Arthur),
Dates associated with a name 1932-2006,
9 (RLIN) 22507
Relator term author.
942 ## - ADDED ENTRY ELEMENTS (KOHA)
Source of classification or shelving scheme Dewey Decimal Classification
Koha item type Book - Borrowing
Holdings
Withdrawn status Lost status Source of classification or shelving scheme Damaged status Not for loan Collection code Home library Current library Shelving location Date acquired Source of acquisition Cost, normal purchase price Serial Enumeration / chronology Total Checkouts Full call number Barcode Date last seen Koha item type
    Dewey Decimal Classification     Baccah Central Library Central Library First floor 10/03/2011 Purchase 180.00 11866   546 MIE 000022926 15/07/2025 Book - Borrowing